Hra o najbližší možný termín (o Národním plánu zavedení eura v České republice)
Proces prípravy na zavedenie eura v Českej republike v duchu Národného plánu. Základné zásady zavedenia eura v ČR. Doporučenia národného koordinátora. Úlohy vyplývajúce zo zavedenia eura. Finančný sektor. Verejné financie, verejná správa a verejná samospráva. Podniková sféra. Nové zákony pre euro.
Enregistré dans:
| Auteur principal: | |
|---|---|
| Format: | Chapitre de livre |
| Langue: | tchèque |
| Sujets: | |
| Tags: |
Pas de tags, Soyez le premier à ajouter un tag!
|
MARC
| LEADER | 00000naa$a2200000$$$4500 | ||
|---|---|---|---|
| 001 | 0071042 | ||
| 005 | 20220713132146.7 | ||
| 041 | 0 | |a cze | |
| 044 | |a CZ | ||
| 245 | 1 | 0 | |a Hra o najbližší možný termín |b (o Národním plánu zavedení eura v České republice) |c Eva Klvačová |
| 520 | |a Proces prípravy na zavedenie eura v Českej republike v duchu Národného plánu. Základné zásady zavedenia eura v ČR. Doporučenia národného koordinátora. Úlohy vyplývajúce zo zavedenia eura. Finančný sektor. Verejné financie, verejná správa a verejná samospráva. Podniková sféra. Nové zákony pre euro. | ||
| 610 | 2 | 0 | |a euro |
| 610 | 2 | 0 | |a eurozóna |
| 610 | 2 | 0 | |a politika medzinárodná |
| 610 | 2 | 0 | |a Česko |
| 610 | 2 | 0 | |a politika fiškálna |
| 610 | 2 | 0 | |a skupiny záujmové |
| 100 | 1 | |a Klvačová, Eva | |